Biblioteca y Centro de Documentación

Unions renewed (Registro nro. 51721)

Detalles MARC
000 -CABECERA
Longitud fija campo de control 02519nam a2200373 i 4500
001 - NÚMERO DE CONTROL
Número de control 51721
003 - IDENTIFICADOR DE NÚMERO DE CONTROL
Identificador del número de control ES-MaCES
005 - FECHA Y HORA DE LA ÚLTIMA TRANSACCIÓN
Fecha y hora de la última transacción 20210219134613.0
008 - CAMPO FIJO DE DESCRIPCIÓN FIJA--INFORMACIÓN GENERAL
Códigos de información de longitud fija   210219s2020 uk || 000 | eng d
020 ## - ISBN (INTERNATIONAL STANDARD BOOK NUMBER)
Número Internacional Normalizado para Libros (ISBN) 9781509539116
020 ## - ISBN (INTERNATIONAL STANDARD BOOK NUMBER)
Número Internacional Normalizado para Libros (ISBN) 9781509539123 (pb)
040 ## - FUENTE DE CATALOGACIÓN
Centro catalogador de origen ES-MaCES
Lengua de catalogación spa
Centro transcriptor ES-MaCES
100 1# - ENCABEZAMIENTO PRINCIPAL--NOMBRE PERSONAL
9 (RLIN) 39889
Nombre de persona Martin, Alice
245 10 - MENCIÓN DE TÍTULO
Título Unions renewed
Resto del título : building power in an age of finance
Mención de responsabilidad, etc. Alice Martin, Annie Quick
250 ## - MENCIÓN DE EDICIÓN
Mención de edición 1st ed
260 ## - PUBLICACIÓN, DISTRIBUCIÓN, ETC (PIE DE IMPRENTA)
Lugar de publicación, distribución, etc. Cambridge, UK
-- Medford, MA
Nombre del editor, distribuidor, etc. Polity
Fecha de publicación, distribución, etc. 2020
300 ## - DESCRIPCIÓN FÍSICA
Extensión VIII, 176 p.
Dimensiones 22 cm
520 3# - RESUMEN, ETC.
Sumario, etc, Los sindicatos se enfrentan a una oportunidad única de renovación. Décadas de declive se han visto agravadas por una élite global que genera cada vez más ganancias de la ingeniería financiera de formas que evitan el trabajo y socavan el poder de los trabajadores organizados.<br/>Sin embargo, a medida que este sistema económico comienza a fallar, hay indicios de que está surgiendo un movimiento sindical renovado. Las empresas cargadas de deudas, desde los supermercados y las cadenas de viveros hasta los gigantes de la subcontratación, se están derrumbando y los trabajadores se están organizando para determinar qué sigue. Los cajeros bancarios sindicalizados se niegan a impulsar los préstamos abusivos, los maestros están en huelga contra el mercado inmobiliario de explotación y los trabajadores de la industria manufactura están agrupando el pago de despido para comprar plantas y convertirse en propietarios de trabajadores.<br/>Alice Martin y Annie Quick argumentan que se trata de semillas de renovación sindical. Para ser eficaz en la era de las finanzas, el movimiento sindical debe establecer sus ambiciones más allá de la negociación salarial estrecha y hacia los sistemas financieros que se han infiltrado en los lugares de trabajo y las comunidades empobrecidas. Al hacerlo, pueden desempeñar un papel fundamental en el inicio de una nueva economía democrática.
541 ## - NOTA DE LA FUENTE INMEDIANTE DE ADQUISICIÓN
Forma de adquisición Compra
650 #4 - ASIENTO SECUNDARIO DE MATERIA--TÉRMINO DE MATERIA
Término de materia o nombre geográfico como elemento inicial sindicato
9 (RLIN) 28377
650 #4 - ASIENTO SECUNDARIO DE MATERIA--TÉRMINO DE MATERIA
Término de materia o nombre geográfico como elemento inicial papel del sindicato
9 (RLIN) 30660
650 #4 - ASIENTO SECUNDARIO DE MATERIA--TÉRMINO DE MATERIA
Término de materia o nombre geográfico como elemento inicial poder sindical
9 (RLIN) 30599
650 #4 - ASIENTO SECUNDARIO DE MATERIA--TÉRMINO DE MATERIA
Término de materia o nombre geográfico como elemento inicial movimiento obrero
9 (RLIN) 28368
650 #4 - ASIENTO SECUNDARIO DE MATERIA--TÉRMINO DE MATERIA
Término de materia o nombre geográfico como elemento inicial participación de los trabajadores
9 (RLIN) 28378
650 #4 - ASIENTO SECUNDARIO DE MATERIA--TÉRMINO DE MATERIA
Término de materia o nombre geográfico como elemento inicial relaciones laborales
9 (RLIN) 28369
650 #4 - ASIENTO SECUNDARIO DE MATERIA--TÉRMINO DE MATERIA
Término de materia o nombre geográfico como elemento inicial negociación colectiva
9 (RLIN) 28362
650 #4 - ASIENTO SECUNDARIO DE MATERIA--TÉRMINO DE MATERIA
Término de materia o nombre geográfico como elemento inicial Estados Unidos
9 (RLIN) 28373
650 #4 - ASIENTO SECUNDARIO DE MATERIA--TÉRMINO DE MATERIA
Término de materia o nombre geográfico como elemento inicial Reino Unido
9 (RLIN) 26967
650 #4 - ASIENTO SECUNDARIO DE MATERIA--TÉRMINO DE MATERIA
Término de materia o nombre geográfico como elemento inicial historia
9 (RLIN) 27251
653 10 - TÉRMINO DE INDEXACIÓN--NO CONTROLADO
Término no controlado Relaciones laborales-Empleo
700 1# - ENCABEZAMIENTO SECUNDARIO--NOMBRE PERSONAL
9 (RLIN) 39890
Nombre de persona Quick, Annie
902 ## - CES. TIPO DE DOCUMENTO
Tipodoc (006$c Sirtex) LIB Libro
942 ## - ELEMENTOS KOHA
Fuente de clasificaión o esquema Clasificación propia del CES
Koha [por defecto] tipo de item Monografías
Parte de clasificación Relaciones Laborales y Rel. Lab.- Empleo
Existencias
Número de registro Signatura completa Tipo de item de Koha
092196 SG-2.0.-229 Monografías
© CES, Consejo Económico y Social de España 2021